000 00685cab a2200229 4500
001 WB2932-27
008 090401t1993 xxu||||| |||| 00| 0 eng d
035 _a(Sirsi) u11567
041 _aeng
100 _aVoaden, W.
245 _aGoing underground
260 _c1993
350 _a0
490 _aCSW - The Property Week
_v44(10) 2 September 1993, 52(1)
520 _aA beginner`s guide to the aggregates industry, details establishing `value` of minerals, market analysis and tenure.
650 _aAGGREGATES INDUSTRY
650 _aRICS APPRAISAL AND VALUATION MANUAL
650 _aValuation
_96273
690 _aMINING AND MINERALS
942 _n0
948 _c04/03/1997
999 _c7375
_d7375